100 Best Cities to Live in Illinois - Statistics

General Stats
  • This quiz has been taken 13 times
  • The average score is 10 of 100
Answer Stats
Hint Answer % Correct
29 Naperville
91%
48 Arlington Heights
45%
24 Buffalo Grove
36%
22 Wilmette
36%
15 Winnetka
36%
4 Deerfield
27%
37 Downers Grove
27%
20 Elmhurst
27%
58 Glenview
27%
33 Lake Forest
27%
65 Lake in the Hills
27%
6 Libertyville
27%
3 Northbrook
27%
61 Orland Park
27%
11 Wheaton
27%
50 Batavia
18%
79 Carol Stream
18%
16 Geneva
18%
74 Gurnee
18%
2 Hinsdale
18%
35 Lake Zurich
18%
91 Mount Prospect
18%
38 Palos Heights
18%
66 Wauconda
18%
43 Westchester
18%
42 Barrington
9%
54 Bloomingdale
9%
39 Burr Ridge
9%
45 Chatham
9%
19 Clarendon Hills
9%
80 Crystal Lake
9%
51 Frankfort
9%
21 Glencoe
9%
100 Highland
9%
26 Highland Park
9%
87 Huntley
9%
12 La Grange
9%
14 La Grange Park
9%
5 Lake Bluff
9%
8 Lincolnshire
9%
70 Lincolnwood
9%
53 Lisle
9%
90 Lockport
9%
49 Lombard
9%
31 Mahomet
9%
97 Maryville
9%
78 Monticello
9%
40 New Lenox
9%
84 Oak Brook
9%
76 O'Fallon
9%
59 Oswego
9%
10 Park Ridge
9%
64 Plainfield
9%
94 Shiloh
9%
41 South Barrington
9%
92 South Elgin
9%
86 St. Charles
9%
63 Troy
9%
62 Vernon Hills
9%
75 Washington
9%
99 Yorkville
9%
82 Algonquin
0%
23 Bartlett
0%
46 Campton Hills
0%
28 Cary
0%
52 Columbia
0%
44 Darien
0%
17 Elburn
0%
25 Gilberts
0%
30 Glen Ellyn
0%
81 Hampshire
0%
27 Hawthorn Woods
0%
85 Homer Glen
0%
13 Inverness
0%
32 Itasca
0%
34 Lemont
0%
68 Lindenhurst
0%
67 Long Grove
0%
57 Manhattan
0%
36 Mokena
0%
89 Mount Zion
0%
18 Northfield
0%
77 Orland Hills
0%
56 Pingree Grove
0%
47 River Forest
0%
9 Riverside
0%
88 Rockton
0%
69 Roscoe
0%
73 Roselle
0%
55 Shorewood
0%
83 Spring Grove
0%
98 Sugar Grove
0%
96 Warrenville
0%
95 West Dundee
0%
1 Western Springs
0%
72 Westmont
0%
71 Willowbrook
0%
60 Willow Springs
0%
7 Winfield
0%
93 Woodridge
0%
No matching quizzes found
Score Distribution
Percent of People with Each Score
Percentile by Number Answered
Your Score History
You have not taken this quiz